Subdivision capitals closest to Split (HR) - Statistics

General Stats
  • This quiz has been taken 13 times
  • The average score is 9 of 20
Answer Stats
Distance (km) Answer % Correct
12 166 Dubrovnik
89%
4 113 Mostar
89%
11 165 Sarajevo
78%
1 51 Šibenik
78%
5 119 Zadar
78%
8 143 Gospić
67%
10 153 Banja Luka
56%
15 207 Herceg Novi
56%
17 219 Tivat
56%
2 57 Livno
44%
18 219 Nikšić
44%
9 152 Bihać
33%
16 212 Tuzla
33%
3 94 Široki Brijeg
22%
19 220 Sisak
22%
14 205 Goražde
11%
13 198 Plužine
11%
6 127 Travnik
11%
20 220 Žabljak
11%
7 141 Zenica
11%
No matching quizzes found
Score Distribution
Percent of People with Each Score
Percentile by Number Answered
Your Score History
You have not taken this quiz